Look back in anger /

Manylion Llyfryddiaeth
Prif Awdur: Osborne, John, 1929-1994
Awduron Eraill: Prasad, G. J. V.
Fformat: Llyfr
Cyhoeddwyd: London : Faber and Faber, c1957.
Pynciau:
Classic Catalogue: View this record in Classic Catalogue
LEADER 00928nam a2200253 a 4500
001 0017264
003 BD-DhAAL
008 090802s1957 enk 000 0 eng d
020 |a 0140481753 (pbk.) 
020 |a 0571235581 
040 |a BD-DhAAL  |c BD-DhAAL 
082 0 0 |a 822.914 
100 1 |a Osborne, John,  |d 1929-1994.  |9 5674 
245 1 0 |a Look back in anger /  |c John Osborne ;edited by G. J. V. Prasad. 
260 |a London :  |b Faber and Faber,  |c c1957. 
300 |a xxxix, 159p. ;  |c 20 cm 
526 |a ENH 
541 1 |e 00017264  |a Words N' Pages 
650 0 |a English drama  |y 20th century.  |9 29343 
700 1 |a Prasad, G. J. V.  |9 58375 
852 4 |a Ayesha Abed Library  |c General Stacks 
942 |2 ddc  |c BK 
999 |c 3724  |d 3724 
952 |0 0  |1 0  |2 ddc  |4 0  |6 822_914000000000000_OSB  |7 0  |9 3381  |a BRACUL  |b BRACUL  |c GEN  |d 2009-09-03  |e Words N' Pages  |g 260.00  |l 16  |m 81  |o 822.914 OSB  |p 3010017264  |q 2026-05-20  |r 2026-04-23  |s 2026-04-23  |t 1  |v 520.00  |w 2009-09-03  |y BK